Podporiť občiansku statočnosť Vznikla nadácia Tibor Kováč - memento 21. august 1968

Bibliographic Details
Main Author: Červínka, Jozef, 1935-2011 (Author)
Format: Article
Language:Slovak
Subjects:

MARC

LEADER 00000nab a2200000 a 4500
001 vtls000893342
003 SK-MaSNL
005 20260305020451.0
008 040720e19950516xo 0 slo
035 |a KE2377 
040 |a KEVKJB  |b slo  |c KEVKJB  |e AACR2 
041 0 |a slo 
044 |a xo  |c SK 
080 |a 061.27  |2 1981 
080 |a 929  |2 1981 
080 |a 943.76"1968"  |2 1981 
100 1 |a Červínka, Jozef,  |d 1935-2011  |4 aut  |9 253536 
245 1 0 |a Podporiť občiansku statočnosť  |b Vznikla nadácia Tibor Kováč - memento 21. august 1968 
600 1 7 |a Kováč, Tibor,  |d 1937-2019  |2 KEVKJB  |9 208454 
610 2 7 |a Nadácia Tibor Kováč - memento 21.august 1968  |2 KEVKJB  |9 1596141 
650 0 7 |a August (1968 : Československo)  |2 SNKPH  |9 68467 
651 7 |a Košice (Slovensko)  |2 KEVKJB  |9 18694 
773 0 8 |t Košický večer  |g Roč. 6  |g Roč. 28, č.93, 16.5.1995, s. 1,3 
852 |a ZVYKNI  |b KIS3GCP 
999 |c 3280839  |d 3282769